00398nam a2200121 a 450000500170000000800410001705000180005810000190007624500290009526000350012499900190015995200980017820140414131903.0100922s19uu xx 00 eng d aFICbK84 1993 aKorman, Gordon aThe toilet paper tigers. aNew York :bScholastic,c1993. c110785d110785 001040aMUbMUcFICd2010-09-22l0oFIC K84 1993pM1277r2014-04-14 00:00:00w2014-04-14yBK